[Event "FIDE-Wch k.o."]
[Site "New Delhi/Teheran"]
[Date "2000.12.02"]
[Round "2.4"]
[White "Kasimdzhanov, Rustam"]
[Black "Tregubov, Pavel V"]
[Result "1-0"]
[WhiteElo "2690"]
[BlackElo "2620"]
[Annotator "Stohl,I"]
[PlyCount "85"]
[EventDate "2000.11.27"]
[EventType "k.o."]
[EventRounds "7"]
[EventCountry "IND"]
[SourceTitle "CBM 080"]
[Source "ChessBase"]
[SourceDate "2001.01.25"]
[SourceVersion "1"]
[SourceVersionDate "2001.01.25"]
[SourceQuality "1"]

1. d4 Nf6 2. c4 c5 3. d5 b5 4. cxb5 a6 5. f3 axb5 (5... e6 {is nowadays more
popular.}) 6. e4 Qa5+ 7. Bd2 b4 8. Na3 d6 9. Nc4 Qd8 $5 {This move aims to
avoid the unpleasant} (9... Qc7 10. a3 e6 11. dxe6 Bxe6 12. Bf4 $1 $36) 10. Bd3
$1 {Continuing his development is White's best.} ({The attempt to break up
Black's << pawn-chain doesn't promise any advantage due to a central
counterattack:} 10. a3 e6 11. dxe6 Bxe6 12. axb4 Rxa1 13. Qxa1 d5 14. exd5 Nxd5
15. Qa4+ (15. Ne5 Bd6 16. Bb5+ Kf8 17. f4 Nxb4 18. Qa4 Bd5 19. Ngf3 f6 20. O-O
fxe5 21. fxe5 Be7 22. Ng5+ Kg8 $19 {Winants,H-Delaunay,S/Avoine/2000/}) 15...
Nd7 16. Ne2 Be7 17. bxc5 O-O 18. Nd4 Nxc5 19. Nxe6 fxe6 20. Qc2 Bg5 21. Be2
Bxd2+ 22. Qxd2 Qh4+ 23. g3 Qh3 24. Qd4 Nb3 25. Qe5 Qg2 26. Qxe6+ Kh8 27. Rf1
Nb4 28. Nd6 Nd3+ $11 {Gretarsson,H-Bellon Lopez,J/Stockholm/1999/}) 10... e6
11. dxe6 Bxe6 12. Ne2 d5 (12... Nc6 13. Nf4 Be7 14. O-O (14. a4 $5 $14) 14...
O-O 15. Qe1 Nd7 16. Nxe6 fxe6 17. f4 Kh8 18. Qg3 d5 19. exd5 exd5 20. Qh3 Nf6
21. Ne5 Nxe5 22. fxe5 Ne4 $132 {Gurevich,M-De Vreugt,D/Antwerp op/1996/}) (
12... Be7 13. O-O O-O 14. a4 $5 Nc6 15. Nf4 Bc8 $6 16. Ne3 Nd7 17. Bb5 Nd4 18.
Bxd7 Bxd7 19. Bxb4 Qe8 20. Nfd5 Bd8 21. Bc3 Bxa4 22. Qe1 Bc6 23. Rd1 f5 24.
Bxd4 cxd4 25. Rxd4 fxe4 26. Rxe4 $16 {Avrukh,B-Bologan,V/Biel op/1995/}) 13.
exd5 Nxd5 14. O-O $32 (14. Nf4 Nxf4 15. Bxf4 Be7 (15... Nd7 $5 16. O-O Qf6 17.
Qd2 Be7 18. Be4 Bxc4 19. Bxa8 Bxf1 20. Rxf1 O-O 21. Be4 Nb6 22. b3 Rd8 23. Qe3
Nd5 24. Bxd5 Rxd5 25. Re1 Bf8 26. Be5 Qe6 27. Qe2 h6 28. Bf4 {1/2,Olafsson,
H-Wang Zili/Moscow olm/1994/}) 16. O-O O-O 17. Qc2 Nc6 $5 $13 {/\Nd4} 18. Rae1
$2 Rxa2 19. Kh1 Bf6 20. Ne5 Nxe5 21. Bxh7+ Kh8 22. Bxe5 b3 23. Qb1 Qd2 24. Rd1
Qh6 $19 {0-1 Van Egmond,R-Van Beers,E/NLD-chT9596 1995/EXT 99 (49)}) 14... Be7
15. Qc2 Nc6 (15... Nd7 16. Nf4 Nxf4 17. Bxf4 Nb6 18. Nxb6 $6 (18. Rfd1 $142 $36
) 18... Qxb6 19. Be4 c4+ 20. Kh1 Ra5 21. Qf2 Qxf2 22. Rxf2 O-O $17 {Pedersen,
B-Holst,A/Copenhagen/1994/}) (15... h6 16. Bf5 (16. Ne5 O-O 17. Rad1 Qc7 18.
Ng4 c4 $6 19. Qxc4 Bc5+ 20. Kh1 Nc3 21. Nxh6+ $1 gxh6 22. Qh4 Nxd1 23. Bxh6 f6
24. Rxd1 $40 Rf7 {Adler,B-Von Bahr,O/Stockholm/1995/} 25. Qe4 $16) 16... Ra6
17. Ng3 O-O 18. Rfe1 Nc6 19. Bxe6 Nd4 20. Bxf7+ Rxf7 21. Qd3 Bh4 22. Ne5 Rfa7
23. a3 bxa3 24. Rxa3 Rxa3 25. bxa3 $14 {Browne,W-Waitzkin,J/San Francisco/1995/
}) 16. Be4 $1 $36 (16. Rfe1 h6 17. Bf5 Bxf5 (17... Nc7 18. Bxe6 Nxe6 19. Qe4
Ra6 20. Rad1 Qc8 21. Nf4 O-O {Vera,R-Nedobora,M/Aceimar/1995/} 22. Nxe6 $16)
18. Qxf5 O-O 19. Rad1 Nd4 $5 (19... Bf6 20. Bxh6 Nce7 21. Qg4 Qc8 $11) 20. Nxd4
cxd4 21. Ne5 Qc8 22. Qe4 $6 Nf6 23. Qb1 Bd6 24. Rc1 Qb7 25. Nc4 Be7 26. Kh1
Rfd8 27. Re5 Bf8 $11 {[%csl Gd4] /=/+o^d,Genova,R-Vuckovic,B/Agios Kyrikos/
2000/}) 16... Rc8 (16... Ra7 17. Nf4 Nxf4 18. Bxc6+ Kf8 19. Bxf4 Qd4+ 20. Be3
Qxc4 21. Qxc4 Bxc4 22. Rfc1 Rxa2 23. Rxa2 Bxa2 24. Ra1 $1 b3 25. Rc1 $14 {
[%csl Ra2,Rb3] _|_,><b3,Ba2}) 17. Rfd1 Nd4 18. Nxd4 cxd4 19. Qa4+ Bd7 20. Qb3
Be6 21. Qa4+ Bd7 22. Qa6 Nc7 (22... Be6 $142 23. Qb5+ Kf8 24. Bxd5 (24. Ne5 Qd6
25. Nd3 Rb8 26. Qa4 Qb6 27. Rdc1 Nc3 $1 $17 {Ledger,D-Mannion,S/Newcastle op/
1995/}) 24... Rc5 $5 (24... Qxd5 25. Qxd5 Bxd5 26. Nb6 Rd8 27. Bf4 Be6 28. Bc7
$1 Re8 29. Rxd4 {/\Bd6+/-}) 25. Qxb4 Bxd5 $14) (22... Ra8 23. Qb7 (23. Nd6+ Kf8
24. Qd3 $36 (24. Nxf7 Rxa6 25. Nxd8 Nf6 $17)) 23... Be6 24. Ne5 $16) 23. Nd6+
$1 Kf8 (23... Bxd6 $2 24. Qxd6 $18 {[%csl Re8] עe8}) 24. Qb6 Rb8 $8 25. Nb7 (
25. Qxd4 $5 Ba4 26. b3 (26. Be3 Bxd1 27. Rxd1 $44) 26... Bf6 27. Qc4 $1 Qxd6
28. Be3 Qa6 (28... Bb5 29. Bc5 Bxc4 30. Bxd6+ Kg8 31. bxc4 $18) 29. Rac1 $5 $16
) 25... Ne6 (25... f5 26. Qxd4 Ne6 27. Qf2 Qe8 28. Bd5 $16 {/\} Nc7 29. Bf4 $1
Nxd5 30. Bxb8 Qxb8 31. Nc5 Bc6 32. Rxd5 $18) (25... Bc8 26. Bf4 $18) 26. Qa6 $1
$40 {With Black's K on f8 and his Rh8 out of play White naturally doesn't
exchange the Q.} Ra8 $6 {Here the R is tactically vulnerable} (26... Qe8 $142
27. Rac1 Ba4 28. Re1 $14) 27. Qc4 (27. Nxd8 Rxa6 28. Nxe6+ Bxe6 $11) 27... Qb6
(27... Qc8 28. Qd5 Ra6 29. Rac1 $16) 28. Nc5 $1 Bxc5 (28... Rd8 $142 29. Nxd7+
Rxd7 30. Kh1 $16 {[%cal Ya2a4] /\a4|^}) 29. Bxa8 Ke7 (29... Bb5 30. Qb3 d3+ 31.
Kh1 Nd4 32. Qd5 Nc2 33. Rac1 $40 Ke7 34. Re1+ $1 Nxe1 35. Rxe1+ Kf8 36. Rc1 $18
) 30. Be4 Bb5 31. Qb3 Be2 (31... d3+ 32. Kh1 Nd4 33. Qd5 Rd8 34. Qg5+ $18) 32.
Rdc1 d3+ 33. Kh1 Rd8 34. a3 $18 bxa3 (34... Nd4 35. Qc4 $18) 35. Rxa3 (35. Qxb6
Bxb6 36. Rxa3 $18) 35... Qd6 36. Ra5 {[%cal Ra5c5] /\Rac5!} Rb8 (36... Rc8 37.
Qd5 Qb6 38. b4 $18) 37. Rb5 Nd4 (37... Rxb5 38. Qxb5 g6 39. b4 $18) 38. Rb7+
Rxb7 $8 39. Qxb7+ Kf6 40. b4 Bb6 41. Bd5 $1 (41. Rc6 Nxc6 42. Qxb6 $18 {
wins a piece, but the game is over anyway.}) 41... Ne6 42. Bxe6 fxe6 43. Rc6
1-0

[Event "FIDE World Cup-C"]
[Site "Hyderabad"]
[Date "2002.10.13"]
[Round "4"]
[White "Sasikiran, Krishnan"]
[Black "Kasimdzhanov, Rustam"]
[Result "0-1"]
[WhiteElo "2670"]
[BlackElo "2653"]
[Annotator "Tsesarsky,I"]
[PlyCount "68"]
[EventDate "2002.10.05"]
[EventType "tourn"]
[EventRounds "5"]
[EventCountry "IND"]
[EventCategory "16"]
[SourceTitle "CBM 092"]
[Source "ChessBase"]
[SourceDate "2003.02.06"]
[SourceVersion "1"]
[SourceVersionDate "2003.02.06"]
[SourceQuality "1"]

1. d4 {Kasimdzhanov. Ftacnik} Nf6 2. c4 g6 3. Nc3 Bg7 4. e4 d6 5. Nf3 O-O 6.
Be2 e5 7. Be3 h6 {'?!' Kasimdzhanov. Kasimdzhanov: 'a dubious line, chosen due
to tournament situation'} 8. O-O Ng4 9. Bc1 Nc6 10. d5 Ne7 11. Ne1 f5 12. Bxg4
fxg4 13. Be3 g5 {This variation has bad reputation. Therefore readiness of
Kasimdzanov to play that is surprise, unless he knows something. Most of
opening results of the games played this variation was in White's favour, see
below.} 14. c5 (14. f3 gxf3 15. Rxf3 Rxf3 16. Qxf3 b6 (16... Ng6 17. g3 Nf8 18.
Ng2 $14 {1-0 Stojanovic,M-Poluljahov,A/Tivat 1995/EXT 2000 (102)}) 17. a4 Ng6
18. g3 Bd7 19. Ng2 Qc8 20. Bd2 Bg4 21. Qd3 Bh3 22. Nd1 a5 23. Nge3 Qe8 24. Nf2
Bd7 25. b3 $14 {1/2-1/2 Stojanovic,M-Szuk,B/Zagan 1995/EXT 97 (65)}) 14... Ng6
{Plans of sides are clear: White develops activity on the queenside, Black
prepares an Attack on the kingside.} (14... dxc5 {after this move White had to
sacrifice an exchange.} 15. Bxc5 b6 16. Ba3 Ba6 17. Qxg4 Bxf1 18. Kxf1 Rf7 19.
Nc2 c5 20. Rd1 Ng6 21. g3 Qf6 22. Rd2 Bf8 23. Ne3 $14 {1-0 Gross,S-Salai,L/
Brno 1990/EXT 97 (40)}) 15. Rc1 ({White has a lot of strong moves herel:} 15.
a4 a6 16. b4 Qe7 17. Nd3 Nf4 18. Nb2 h5 19. Nc4 Bd7 20. Rc1 Rf7 21. cxd6 cxd6
22. Nb6 Raf8 23. Nb1 $14 {1-0 Ehlvest,J-Dzindzichashvili,R/New York 1994/CBM
41 ext (55)}) ({Or} 15. b4 Nh4 (15... Rf7 16. a4 Bf8 17. a5 a6 18. Nc2 Bd7 19.
Na3 Nf4 20. Nc4 $14 {1-0 Shchekachev,A-Hernandez,G/Linares 1996/CBM 51 ext (40)
}) 16. a4 Rf4 17. Rc1 Qe8 18. cxd6 Qh5 19. dxc7 Nf3+ 20. Nxf3 gxf3 21. Bxf4
exf4 22. d6 $18 {1-0 Ehlvest,J-Link,M/Reykjavik 1994/CBM 39 ext (29)}) ({Or} 
15. g3 Nf4 16. gxf4 gxf4 17. Bd2 f3 18. cxd6 cxd6 19. Rc1 Bd7 20. a4 a6 21. Nb1
b5 22. Bb4 Rf4 23. Nd2 Bf8 24. Nd3 Rf7 25. b3 Qh4 26. Kh1 a5 27. Ba3 b4 28. Bb2
Be7 29. Nc4 Rg7 30. Rg1 $18 (30. Qe1 $4 Rg5 $19 {[%csl Rh1][%cal Gg5h5] 0-1
Eriksson,A-Petersen,S/Copenhagen 1997/EXT 2000 (33)})) (15. cxd6 cxd6 16. a4
Rf7 17. Nb5 a6 18. Na3 Rb8 19. Nc4 $14 (19. Ba7 Ra8 20. Be3 Rb8 21. Ba7 {
1/2-1/2 Gustafsson,J-Nunn,J/Hamburg GER 2002/The Week in Chess 419 (21)}))
15... Rf7 (15... Qe8 16. a4 a6 17. Nc2 Nf4 18. cxd6 cxd6 19. Na3 Qg6 20. Nc4 {
This N route is standard in this type of position.} Rb8 (20... Bd7 21. Nb6 Rad8
22. Nxd7 Rxd7 23. Qxg4 $18 {1-0 Akesson,R-Meessen,R/Leuven 1998/EXT 99 (42)})
21. Nb6 h5 22. a5 $16) 16. cxd6 {'N' Kasimdzhanov. Ftacnik: 'Very interesting
system, since white courageously exchanged the knight on g4. His chances on
the queenside have thus been improved, but on the other flank black's
counterplay is quite dangerous.'} (16. Nb5 $1 Nf4 17. cxd6 cxd6 18. Qc2 Bf8 19.
Bxf4 gxf4 20. Nc7 Rb8 21. Ne6 Qe8 22. Nxf8 Qxf8 23. g3 $16 {Santos,L-Kopilov,I,
corr Wch-13, 1994}) (16. b4 Bf8 17. a4 a5 18. cxd6 cxd6 19. b5 b6 20. Ne2 Rb8
21. Ng3 Nf4 22. Nd3 h5 23. Nb2 h4 24. Nf5 Rxf5 (24... Bxf5 25. exf5 Rxf5 (25...
Qf6 26. Qxg4 Qxf5 27. Qxf5 Rxf5 28. Bxf4 exf4 29. Rfd1 $16 {[%csl Rb6,Rd6]
[%cal Gc1c6]}) 26. Qxg4 Qf6 27. Rfd1 $16 {[%csl Rb6,Rd6][%cal Gc1c6]}) 25. exf5
Bxf5 26. Rc6 $16 {[%csl Rb6,Rd6] 1-0 Giorgadze,G-Martinez Martin,D/Mondariz
Balneario 1999/EXT 2000 (38)}) (16. Qb3 Nf4 17. Qc4 b6 18. cxd6 cxd6 19. Rc2
Rc7 20. Qb3 Ba6 21. Nb5 Rxc2 22. Nxc2 Qd7 23. a4 Rf8 24. Re1 Bf6 25. Bd2 Be7
26. Ne3 Rc8 27. Nf5 $16 {1-0 Parker,J-Forster,R/Singapore 1990/EXT 97 (44)}) (
16. f3 $6 {Not the best move...} gxf3 17. Nxf3 Bf8 18. cxd6 Bxd6 19. Nd2 Nf4
20. g3 Bh3 21. Rf2 Qd7 22. Nf3 (22. Qb3 b6 23. Nb5 Qg4 24. Re1 Raf8 {[%csl Rg1]
[%cal Gh6h5] with dangerous Attack.}) 22... Ng6 23. Nd2 Nf4 24. Nf3 Ng6 25. Nd2
{1/2-1/2 Adamski,J-Buenermann,V/Giessen 1993/GER (25)}) (16. a4 Bf8 17. cxd6 (
17. b4 $14 {Kasimdzhanov}) 17... Bxd6 18. g3 a6 19. Nd3 Qe7 20. a5 Rg7 21. Na4
Nf4 22. Nac5 Nxd3 23. Qxd3 Qe8 24. Rc3 $14 {1/2-1/2 Stojanovic,M-Shaplyko,A/
Zagan 1995/EXT 97 (51)}) 16... cxd6 17. a4 Bf8 18. Nb5 Bd7 19. b3 $5 {'!'
Kasimdzhanov. Not in the spirit of the position.} (19. Qb3 $142 Nf4 {[%cal
Gf4e2]} 20. Kh1 Qa5 21. Nc3 Rb8 22. Nc2 $14 {[%cal Gc2a3,Ga3c4]}) (19. Nxa7 {
Ftacnik} Qa5 20. Nb5 Qxa4 21. Qxa4 Rxa4 22. Nc3 Ra8 $11 (22... Rc4 $11 {
Kasimdzhanov})) (19. Nc7 {Kasimdzhanov} Bxa4 20. Qxa4 Rxc7 21. Rxc7 Qxc7 22.
Nd3 Nf4 $8 23. Bxf4 gxf4 24. Rc1 Qg7 $13) 19... Nf4 (19... a6 {Ftacnik} 20. Nc7
Rc8 21. Ne6 Rxc1 22. Qxc1 Qc8 23. Qxc8 Bxc8 24. Nxf8 Kxf8 25. Nd3 $14) 20. Nd3
$6 {'?' Kasimdzhanov. Kasimdzhanov: 'this makes things rather unclear. White
could have obtained an advantage by'} ({Strong was} 20. Nxa7 $1 Qa5 21. Nb5
Bxb5 22. axb5 Qxb5 {[%cal Gf4e2]} (22... h5 {Kasimdzhanov} 23. f3 $1 (23. b6 {
Kasimdzhanov} Qb5 24. Rc4 Ra3 $13) 23... Qxb5 24. Bxf4 gxf4 25. fxg4 $16) 23.
Rc4 {[%csl Rg4][%cal Gd1g4]} (23. Bxf4 {Ftacnik} Rxf4 (23... exf4 {Ftacnik} 24.
Qxg4 Qxb3 25. h4 $16) 24. Rc4 Ra3 (24... Rf7 {Ftacnik} 25. Nd3 Ra3 26. Rc3 $16)
25. Nd3 Rxb3 26. Nxf4 Qxc4 27. Nh5 $16) 23... Qd7 24. Ra4 $14) 20... Bxb5 {
'!' Kasimdzhanov.} 21. axb5 Qd7 22. Nb2 $2 $17 {Bad P sacrifice.} ({Why not} 
22. b6 axb6 23. Rc3 Ra2 (23... b5 {Kasimdzhanov} 24. Qc2 $44) 24. Rc2 Ra6 25.
Qd2 Qb5 26. Rc3 Nxd3 27. Rxd3 Ra2 28. Qxa2 Qxd3 $132) 22... Qxb5 23. Nc4 h5 24.
Ra1 a6 {Kasimdzhanov: 'in fact, white has a very reasonable compensation for a
pawn'} 25. f3 {'?' Ftacnik. '?!' Kasimdzhanov. Kasimdzhanov: 'but this gives
black objects of counetrplay' Ftacnik: 'Strategically faulty solution,
Sasikiran is opening up the f file for black pieces. White had to concentrate
on the occupation of the open c file.'} (25. Ra5 {Ftacnik} Qe8 (25... Qd7 {
Kasimdzhanov} 26. Nb6 Qc7 27. Ra2 Re8 28. Rc2 Qe7 29. Qd2 Qf6 $13) 26. Nb6 Rd8
27. Qc2 $14) 25... gxf3 26. Rxf3 g4 27. Rf1 (27. Rf2 Be7 $17) 27... Be7 28. Ra5
{'?' Kasimdzhanov. Kasimdzhanov: 'a blunder. Correct was'} (28. Ra2 $5 {Ftacnik
} Raf8 29. Raf2 $11) (28. Bxf4 {(Kasimdzhanov) though black should be better
after} Rxf4 $1 (28... exf4 {Kasimdzhanov} 29. e5 dxe5 30. Nxe5 Rf5 31. Nxg4
Rxd5 32. Qe1 Bc5+ 33. Kh1 Rd6 34. Rxf4 $1 $40) (28... Raf8 {Kasimdzhanov} 29.
Ne3 Rxf4 30. Nf5 Qxf1+ (30... R8xf5 {Kasimdzhanov} 31. exf5 Rxf1+ 32. Qxf1 Qxd5
33. Kh1 Kg7 $13) 31. Qxf1 Rxf1+ 32. Kxf1 $44) 29. Rxf4 exf4 30. Kh1 (30. e5 {
Kasimdzhanov} dxe5 31. Qb1 Bc5+ 32. Kh1 Qe8 33. Qe4 Rd8 34. Rd1 Bd4 $17) 30...
Rf8 31. Qd3 $15 f3 32. e5 Qe8 33. Nxd6 Bxd6 34. exd6) 28... Qd7 {'?'
Kasimdzhanov.} (28... Qxb3 $1 $19 {(Kasimdzhanov) was faster}) 29. Nb6 (29. Ra2
Raf8 30. Kh1 (30. Bxf4 Rxf4 31. Rxf4 exf4 $17) 30... Bg5 (30... Bd8 $17 {
Kasimdzhanov}) 31. Raf2 b5 32. Nb6 Qb7 $17 {[%csl Rb6][%cal Gf4h3]}) 29... Qc7
30. Ra1 Raf8 31. Rc1 $2 $19 {Decisive mistake.} ({More stubborn was} 31. Qd2
$142 Bg5 32. Nc4 b5 33. Nb2 Qc3 $1 $17) 31... Bg5 $1 {'!!' Kasimdzhanov.
Kasimdzhanov: 'a very nice move to make. Now all the black's pieces start to
cooperate, and it spells the end'} ({Avoiding interesting trap:} 31... Nh3+ $4
32. gxh3 Rxf1+ 33. Qxf1 Rxf1+ 34. Kxf1 $18 {[%csl Rc7] and black Q can't run
away.}) 32. Qd2 (32. Rxc7 Ne2+ 33. Qxe2 Bxe3+ $19) 32... Qe7 {'-+'
Kasimdzhanov.} (32... Qxb6 33. Bxb6 Nh3+ 34. gxh3 Bxd2 35. Rxf7 Rxf7 36. Rc2
Bb4 $17) 33. Rfe1 Qf6 34. Rc8 $6 {Kasimdzhanov: 'this shortens the agony.
White's position was beyond salvation.'} (34. Nc4 h4 $19 {[%cal Gh4h3]}) (34.
Kh1 {Kasimdzhanov} Qg6 35. Rc4 h4 $19) 34... Ne2+ 0-1

[Event "Pamplona"]
[Site "Pamplona"]
[Date "2002.12.26"]
[Round "4"]
[White "Kasimdzhanov, Rustam"]
[Black "Sokolov, Ivan"]
[Result "1-0"]
[WhiteElo "2653"]
[BlackElo "2684"]
[Annotator "Kasimdzhanov,R"]
[PlyCount "95"]
[EventDate "2002.12.21"]
[EventType "tourn"]
[EventRounds "6"]
[EventCountry "ESP"]
[EventCategory "16"]
[SourceTitle "CBM 093"]
[Source "ChessBase"]
[SourceDate "2003.04.01"]
[SourceVersion "1"]
[SourceVersionDate "2003.04.01"]
[SourceQuality "1"]

1. e4 {Wedberg} e5 2. Nf3 Nc6 3. Bb5 a6 4. Ba4 Nf6 5. O-O Be7 6. Re1 b5 7. Bb3
d6 8. c3 O-O 9. h3 h6 10. d4 Re8 11. Nbd2 Bf8 12. Nf1 Bd7 13. Ng3 Na5 14. Bc2
c5 {The main position of the Smyslov variation. White's most popular choice
here is 15.b3} 15. d5 ({After} 15. b3 Nc6 16. d5 (16. Be3 $6 exd4 17. cxd4 cxd4
18. Nxd4 d5 19. exd5 Nb4 $11) 16... Ne7 17. Be3 Ng6 18. Qd2 Nh7 19. a4 (19. Nf5
Bxf5 20. exf5 Nh4 21. Nxh4 Qxh4 22. a4 Be7 $13) (19. Nf1 {Wedberg} Be7 20. b4
cxb4 21. cxb4 Bg5 22. Nxg5 Nxg5 23. Ng3 Nh4 24. Bd1 Qf6 25. Rc1 Rac8 26. Be2
Qg6 27. Bxg5 hxg5 28. Bg4 $14 {1/2-1/2 Lautier,J-Sokolov,I/Halkidiki 2002/CBM
92_01 (44)}) 19... Be7 {Black, in my opinion, doesn't have any major problems.}
) 15... g6 (15... Nc4 {allowed white to get a very dangerous attack with} 16.
Nh2 g6 $6 17. b3 Nb6 18. f4 {in Rechlis-Azarov, 2001. However, 16... Nb6 is
stronger, when 17.b3 ( 17. f4 ?! ef4 18. Bf4 Nc4! ) 17... c4 18. f4 cb3 19.
ab3 Qc7 leads to an unclear position.}) (15... Nc4 {(Wedberg) trying to
improve the prospects for the N is also playable.}) 16. b3 {Wedberg: 'From now
on Na5 is a permanent headache for Black. This N is restricted to the
lacklustre tour a5-b7-d8-f7.'} Bg7 17. Be3 Nh7 18. Qd2 h5 19. Ng5 Nb7 20. Rf1 {
A novelty. Wedberg: 'The first new move in the game, but this is not so much
about individual moves. Plans are more important at this stage. White can try
to make Blacks life difficult by adopting a two front strategy.'} (20. Nxh7
Kxh7 21. Rf1 {might be stronger, giving white good attacking prospects.} (21.
Bg5 {Wedberg} Bf6 22. f4 h4 23. Bxf6 Qxf6 24. fxe5 Rxe5 25. Nf1 Qg5 $13 {
Janosevic-Matanovic/Titovo Uzice/1966/0-1 (69)})) 20... Nxg5 21. Bxg5 Qa5 {
prevents f4 and forces white to look for his play elsewhere. However, due to
blacks misplaced pieces ( Nb7 and Qa5) white has chances on the queenside as
well. Wedberg: 'A slightly odd place for the Q.'} (21... Bf6 22. h4 $1 Bxg5 $6
(22... Rf8 $142 $14) 23. hxg5 f6 24. f4 h4 25. fxe5 $1 fxe5 26. Nf5 $1 gxf5 27.
exf5 $16) (21... Qc7 {Wedberg}) 22. Kh1 (22. Bd1 $1 f6 (22... Qc7 23. Bxh5 gxh5
24. Nxh5 $40) 23. Be3 $14) 22... Rf8 23. Bd1 f6 24. Be3 $14 {White enjoys a
better position here. He has a variety of potential targets, but Black's
defensive resources are not to be underestimated.} Rae8 (24... h4 $6 25. Ne2 f5
26. Bg5 f4 (26... fxe4 27. Bc2 $16) 27. Ng1 $1 (27. Bxh4 f3 28. Ng3 fxg2+ 29.
Kxg2 Rf4 $1 30. Bg5 Raf8 31. h4 Bf6 $5 $44) 27... Bf6 28. Bxf6 Rxf6 29. Nf3 Kg7
30. Be2 $16) 25. Bc2 Nd8 $6 {'?' Wedberg. This weakens queenside considerably.
Wedberg: 'Black is massing his pieces towards the K-side. Perhaps hoping to
find a chance to expand later with f5 and so on. But now the Q-side is left
without defenders.'} ({More flexible would be} 25... Qc7 {and after} 26. a4
bxa4 27. b4 (27. bxa4 Na5 $1) 27... h4 28. Ne2 f5 {with counterplay}) (25... f5
{Wedberg} 26. exf5 h4 (26... gxf5 {Wedberg} 27. Bh6 $16) 27. f6 Bxf6 28. Ne4
$16) (25... h4 {Wedberg} 26. Ne2 f5 27. Bg5 $16) (25... Qc7 $142 {Wedberg}) 26.
a4 {'|^!' Wedberg. Wedberg: 'White hits first. His waiting strategy has worked
miracles.'} b4 $8 (26... bxa4 27. b4 $1 $16 cxb4 28. cxb4 Qc7 29. Bxa4 Bxa4 30.
Rxa4 $16) (26... Qc7 {Wedberg} 27. axb5 axb5 28. Ra6 $16) 27. cxb4 cxb4 28.
Rac1 Nf7 ({may be better is} 28... Nb7 29. f4 {but black's position is very
unpleasant already.}) (28... f5 $2 29. exf5 h4 30. Ne4 $18) 29. Bd3 {'+/-'
Wedberg. Wedberg: 'Black has been outplayed or rather he has outplayed himself
with a much too optimistic strategy. Almost all his pieces are badly placed.'}
Rc8 30. Rc4 Rxc4 31. Bxc4 h4 {In time-trouble Ivan looks for counterplay, but
only speeds up the disaster. After the more stubborn} (31... Kh7 32. Ne2 Bh6
33. f4 {black's position remains difficult.} (33. Bxh6 Nxh6 34. f4)) 32. Ne2 f5
{Wedberg: 'Black has managed to organize the f5-move, but it doesn´t lead to
anything in this position.'} 33. f3 Bf6 34. Nc1 $1 {White's pieces are ready
to collect Black's weaknesses. The game can no longer be saved.} Bd8 (34... Rb8
35. Nd3 Rb7 36. Qf2 Bb5 $5 37. Rc1 $1 $18) 35. Nd3 Bb6 36. Bxb6 Qxb6 37. Nxb4
Rc8 38. Nc6 Kg7 39. a5 Qc7 (39... Qb7 40. Qd3 $18 Bxc6 41. Bxa6) 40. Bxa6 Ra8
41. Bc4 Bxc6 42. dxc6 Rxa5 43. b4 Ra4 44. Bb3 Ra3 45. Bd5 f4 46. b5 Qb6 47. Rc1
Ra7 48. Bxf7 1-0